| 000 | 01120 a2200229 4500 | ||
|---|---|---|---|
| 003 | Nust | ||
| 005 | 20221223121326.0 | ||
| 010 | _a 97012550 | ||
| 020 | _a0890068925 (alk. paper) | ||
| 040 | _cNust | ||
| 082 | 0 | 0 | _a621.388,LUT |
| 100 | 1 |
_aLuther, Arch C. _975651 |
|
| 245 | 1 | 0 |
_aPrinciples of digital audio and video / _cArch C. Luther. |
| 260 |
_aBoston : _bArtech House, _cc1997. |
||
| 300 |
_axvi, 405 p. : _bill. ; _c24 cm. |
||
| 440 | 4 |
_aThe Artech House audiovisual library _9105757 |
|
| 505 | _aDigital Concepts (Page-1), Video Fundamentals (Page-27), Audio Fundamentals (Page-59), Audio Video Systems (Page-77), Analog to Digital Converters (Page-99), Video Cameras (Page-123), Digital Transmission (Page-161), Digital Signal Processing (Page-201), Date Compression (Page-225), Video Displays (Page-249), Digital Recording (Page-271), Postproduction Systems (Page-315), Digital Multimedia (Page-333), A Digital World (Page-353). | ||
| 650 | 0 |
_aDigital television. _958180 |
|
| 650 | 0 |
_aDigital video. _955774 |
|
| 650 | 0 |
_aSound _xRecording and reproducing _xDigital techniques. _995670 |
|
| 942 |
_2ddc _cBK |
||
| 999 |
_c183270 _d183270 |
||